Vista normal Vista MARC

Entrada Topical Term

Número de registros utilizados en: 1

001 - CONTROL NUMBER

  • control field: 39340

003 - CONTROL NUMBER IDENTIFIER

  • control field: OSt

005 - DATE AND TIME OF LATEST TRANSACTION

  • control field: 20210812142304.0

008 - FIXED-LENGTH DATA ELEMENTS

  • fixed length control field: 210812|| aca||aabn | a|a d

040 ## - CATALOGING SOURCE

  • Original cataloging agency: OSt
  • Transcribing agency: OSt

150 ## - HEADING--TOPICAL TERM

  • Topical term or geographic name entry element: Países del Grupo Andino
  • General subdivision: Integración económica

670 ## - SOURCE DATA FOUND

  • Source citation: Work cat.: (OSt)8311: González Parada, Hernán Alberto, 16912 autor, Las acciones al portador en el acuerdo de Cartagena / , 1979